00838nam a2200253 a 4500001001000000003000900010005001700019007000300036008004100039020001500080040002500095082002300120100002600143245004000169260003900209300002800248500005200276504003200328650003700360650002600397650001900423650005800442651008400500000021152DO-SdBNP20240925085245.0ta100901s2006 dr a 000 0 spa d a994505001X aDO-SdBNPbspacBNPHU 4a972.9301bO49s2221 aOlivo, Milton,d1963-13aEl secreto taíno /cMilton Olivo. aSanto Domingo :bMayobanex,c2006. a125 p. :bil. ;c22 cm. aIncluye datos biográficos del autor : p. 125 aBibliografía : p. 124-125 4aTaínoszRepública Dominicana 4aTaínoszPuerto Rico 4aTaínoszCuba 4aIndígenas de las AntillasxVida social y costumbres 0aRepública Dominicana --xHistoria -- yDescubrimiento y conquista, 1492-1503